Catalogue de la Bibliothèque de l'ENSA

Le métier d'agriculture et l'agriculture nouvelle (notice nᵒ 12647)

détails MARC
000 -LEADER
fixed length control field 00615nam a2200193Ia 4500
008 - FIXED-LENGTH DATA ELEMENTS--GENERAL INFORMATION
fixed length control field 160105s9999 xx 000 0 und d
041 ## - LANGUAGE CODE
Language code of text/sound track or separate title fre
245 ## - TITLE STATEMENT
Title Le métier d'agriculture et l'agriculture nouvelle
260 ## - PUBLICATION, DISTRIBUTION, ETC.
Place of publication, distribution, etc Paris
260 ## - PUBLICATION, DISTRIBUTION, ETC.
Name of publisher, distributor, etc Editions ouvrières
260 ## - PUBLICATION, DISTRIBUTION, ETC.
Date of publication, distribution, etc 1968
300 ## - PHYSICAL DESCRIPTION
Other physical details ill. en noir
490 ## - SERIES STATEMENT
Series statement Collection économie humaine
500 ## - GENERAL NOTE
General note Cote d'origine affectée par la BC : BC_548 22 devient ER_576
654 ## - SUBJECT ADDED ENTRY--FACETED TOPICAL TERM
General subdivision AGRICULTEUR/AGRICULTURE/DEVELOPPEMENT AGRICOLE/MECANISATION/COMMERCE/MATERIEL/PRODUCTION/POLITIQUE AGRICOLE
942 ## - ADDED ENTRY ELEMENTS (KOHA)
Koha item type Ouvrage
994 ## -
-- 112839
Exemplaires
Withdrawn status Lost status Damaged status Use restrictions Not for loan Home library Current library Cost, normal purchase price Shelving control number Total Checkouts Total Renewals Total Holds Full call number Barcode Cost, replacement price Koha item type
          Département d' Economie Rurale Département d' Economie Rurale 0.00         ER_5767 ER_5767 0.00 Ouvrage

Adresse: Ecole Nationale Supérieure Agronomique Hassen Badi - El Harrach Alger, Algérie

Tél +213 (0) 23 82 85 07+213 (0) 23 82 85 12 Fax +213 23 82 85 03/04 Courriel: bibliotheque@edu.ensa.dz